[Event "WCh U20 Girls"]
[Site "Pune"]
[Date "2014.10.19"]
[Round "13"]
[White "Monnisha, Gk"]
[Black "Gelip, Ioana"]
[Result "0-1"]
[WhiteElo "2069"]
[BlackElo "2154"]
[PlyCount "80"]
[EventDate "2014.10.06"]
[EventType "swiss"]
[EventRounds "13"]
[EventCountry "IND"]

1. e4 e6 2. d4 d5 3. Nc3 Nf6 4. Bg5 Bb4 5. e5 h6 6. Bc1 Ne4 7. Qg4 g6 8. Nge2
c5 9. a3 Ba5 10. dxc5 Nxc3 11. Nxc3 Bxc3+ 12. bxc3 Qa5 13. Qg3 Bd7 14. Rb1 Qc7
15. Bd3 Nc6 16. f4 O-O-O 17. O-O Ne7 18. Qf2 Bc6 19. a4 h5 20. Bb5 Nf5 21. Rb4
Rd7 22. Bd2 Rhd8 23. Be3 a5 24. Bxc6 axb4 25. Bxd7+ Qxd7 26. cxb4 d4 27. Bd2
Qxa4 28. Rc1 Qa3 29. Qe1 Qb2 30. Kf2 Kc7 31. b5 Ra8 32. b6+ Kc8 33. Qe4 Qb5 34.
c3 Ra2 35. Ke1 d3 36. Qb4 Qc6 37. Qc4 Qxg2 38. Qxd3 Qg1+ 39. Ke2 Qxc1 40. c6
Rxd2+ 0-1

[Event "WCh U20 Girls"]
[Site "Pune"]
[Date "2014.10.19"]
[Round "13"]
[White "Hinduja, Reddy"]
[Black "Pratyusha, Bodda"]
[Result "0-1"]
[WhiteElo "1934"]
[BlackElo "2078"]
[PlyCount "58"]
[EventDate "2014.10.06"]
[EventType "swiss"]
[EventRounds "13"]
[EventCountry "IND"]

1. Nf3 d5 2. g3 Nc6 3. c4 dxc4 4. Bg2 e5 5. Qa4 Bd6 6. O-O Nge7 7. Nc3 O-O 8.
Qxc4 Be6 9. Qh4 f6 10. Bh3 Nf5 11. Qe4 Qd7 12. Nh4 Nxh4 13. Bxe6+ Qxe6 14. Qxh4
f5 15. b3 Nd4 16. Bb2 f4 17. g4 Rf6 18. f3 Bc5 19. e3 fxe3 20. Kg2 e2 21. Rf2
Rxf3 22. Rxf3 Qc6 23. Qg3 Rf8 24. Ne4 Nxf3 25. d3 e1=Q 26. Rxe1 Nxe1+ 27. Qxe1
Rf2+ 28. Kg3 Rxb2 29. Qc3 Bf2+ 0-1